| 000 | 00396pab a2200157 454500 | ||
|---|---|---|---|
| 008 | 180718b2014 xxu||||| |||| 00| 0 eng d | ||
| 100 | _aSchuetz, Jenny | ||
| 245 | _aDo art galleries stimulate redevelopment? | ||
| 260 | _c2014 | ||
| 300 | _ap.59-72. | ||
| 362 | _aSep | ||
| 650 | _aEconomic and social development | ||
| 773 | _aJournal of Urban Economics | ||
| 908 | _aN | ||
| 909 | _a106765 | ||
| 999 |
_c106760 _d106760 |
||